Determinants of Argentina's external trade

Salvato in:
Dettagli Bibliografici
Autore principale: Catao, Luis
Altri autori: Falcetti, Elisabetta
Natura: Libro
Lingua:inglese
Pubblicazione: Washington International Monetary Fund 1999
Serie:IMF Working Paper WP/99/121
Soggetti:
Tags: Aggiungi Tag
Nessun Tag, puoi essere il primo ad aggiungerne!!

MARC

LEADER 00000nam a2200000 4500
001 c123771
005 20221221082010.2
041 0 |a eng 
044 |a US 
245 1 0 |a Determinants of Argentina's external trade  |c Luis Catao and Elisabetta Falcetti 
264 1 |a Washington  |b International Monetary Fund  |c 1999 
300 |a 35 s. 
490 1 |a IMF Working Paper  |v WP/99/121 
830 0 |a IMF Working Paper  |v WP/99/121 
610 2 0 |a obchod medzinárodný 
610 2 0 |a obchod zahraničný 
610 2 0 |a Argentína 
100 1 |a Catao, Luis 
700 1 |a Falcetti, Elisabetta